Practical solutions (Record no. 70907)

MARC details
000 -LEADER
fixed length control field 01186cam a2200241 4500
001 - CONTROL NUMBER
control field ABS65748
008 - FIXED-LENGTH DATA ELEMENTS--GENERAL INFORMATION
fixed length control field 020806n2002 000 0 eng u
035 ## - SYSTEM CONTROL NUMBER
System control number (Sirsi) u119224
100 ## - MAIN ENTRY--PERSONAL NAME
Personal name Brunt, D
245 ## - TITLE STATEMENT
Title Practical solutions
260 ## - PUBLICATION, DISTRIBUTION, ETC.
Date of publication, distribution, etc. 2002
490 ## - SERIES STATEMENT
Series statement Estates Gazette
Volume/sequential designation 229 20 July 2002, 144 (1)
520 ## - SUMMARY, ETC.
Summary, etc. Discusses in the second of two articles the practical issues involved in varying forfeiture clauses. Looks at landlords' attitudes to variation which is in essence benefical to the tenant's mortgagee but not to the landlord. Considers what advice solicitors should be giving. Provides a model variation. Key points are: landlords accepting a variation must notify the tenant's lender of proposed proceedings or be sued for breach; solicitors should advise in full awareness of all factors involved; can solicitors be held negligent if they fail to advise lenders on all pros and cons of variation?.
590 ## - LOCAL NOTE (RLIN)
Local note ABS
650 ## - SUBJECT ADDED ENTRY--TOPICAL TERM
Topical term or geographic name entry element COMMERCIAL LEASES
650 ## - SUBJECT ADDED ENTRY--TOPICAL TERM
Topical term or geographic name entry element FORFEITURE CLAUSES
650 ## - SUBJECT ADDED ENTRY--TOPICAL TERM
Topical term or geographic name entry element VARIATION
650 ## - SUBJECT ADDED ENTRY--TOPICAL TERM
Topical term or geographic name entry element NEGLIGENCE
650 ## - SUBJECT ADDED ENTRY--TOPICAL TERM
Topical term or geographic name entry element MORTGAGEES
650 ## - SUBJECT ADDED ENTRY--TOPICAL TERM
Topical term or geographic name entry element FORFEITURE PROCEEDINGS
690 ## - LOCAL SUBJECT ADDED ENTRY--TOPICAL TERM (OCLC, RLIN)
Topical term or geographic name as entry element LANDLORD AND TENANT-LEASES
942 ## - ADDED ENTRY ELEMENTS (KOHA)
Suppress in OPAC 0
Holdings
Withdrawn status Lost status Source of classification or shelving scheme Damaged status Not for loan Home library Current library Shelving location Date acquired Total Checkouts Full call number Barcode Date last seen Copy number Price effective from Koha item type
    Dewey Decimal Classification     London London Journal article 06/08/2002   ABS65748 119224-1001 06/08/2019 1 06/08/2019 Journal article